000
00218nam a22000857a 4500
008
170116b xxu||||| |||| 00| 0 eng d
100
_9
2433
_a
Vedam.C.I.
245
_a
Computer Era Next-5
260
_a
New Delhi
_b
Good Look
_c
2011
999
_c
5473
_d
5473